| 000 | 01067cam a2200289 4500 | ||
|---|---|---|---|
| 008 | 000000n2000 000 0 eng u | ||
| 020 | _a0853086524 | ||
| 035 | _a(Sirsi) u106712 | ||
| 050 | _a346.4104343 | ||
| 100 | _aFogel, Steven | ||
| 245 | _aLeasehold liability : Landlord and Tenant (Covenants) Act 1995. | ||
| 250 | _a2nd ed. | ||
| 260 |
_aBristol _bJordans _c2000 |
||
| 300 | _axix,219p. ; 24cm. | ||
| 350 | _a40.00 | ||
| 520 | _aWritten by a team of solicitors specialising in landlord and tenant law, the book provides a guide to the statutory framework and case law as well as professional advice and a set of precedents. The previous edition entitled Privity of Contract : A Practitioner's Guide. | ||
| 650 | _aPRIVITY OF CONTRACT | ||
| 650 | _aLANDLORD AND TENANT (COVENANTS) ACT 1995 | ||
| 650 | _aASSIGNMENT | ||
| 650 | _aBUSINESS TENANCIES | ||
| 650 | _aCOMMERCIAL LEASES | ||
| 690 | _aLANDLORD AND TENANT-BUSINESS TENANCIES | ||
| 700 | _aRiley, Alan | ||
| 700 | _aRogers, Philip | ||
| 700 | _aSlessenger, Emma | ||
| 942 | _n0 | ||
| 999 |
_c100613 _d100613 |
||